02906nam a2200373 i 4500001000700000003000700007005001700014007000300031008004100034017004900075020001800124035001400142040002900156080002100185100004500206245003900251246004400290264002600334300002700360336002200387337003000409338002400439490008200463500004900545500006100594520139900655655003502054655004102089852014702130903004002277942001802317999001902335952017802354193377SpMaBN20250630060312.0ta201029s2020 sp | |||| 000 f spa  aM 6621-2020bOficina Depósito Legal Madrid a9788494180088 aa6730054  aSpMaBNbspacSpMaBNerda a821.134.2-31"19"1 aBilbao, Daniel,d1960-4aut9234543eaut13aEl perro ladrador /cDaniel Bilbao aLas crónicas de Güilliam de Canford 1aMadrid :bMong,c2020 a145 páginas ;c23 cm aTexto2rdacontent asin mediación2rdamedia avolumen2rdacarrier0 aLas crónicas de Güilliam de Canford, el arquero siniestro sindedos ;v[1] aEn cub.: "Una novela negra de la Edad Media" aPrimer libro de Las Crónicas de Güilliam de Canford. aCorre el año 1476. Güilliam de Canford, conocido como el Arquero Siniestro Sindedos, se dirige a cumplir una misión encomendada por el rey Fernando de Aragón cuando es encerrado en las mazmorras del castillo de Frías con otros dos prisioneros: un prestamista judío y una supuesta bruja, María la Gatusa. Desconocen de qué crímenes se les acusa, pero aun así los obligarán a confesar su culpabilidad, y eso los llevaría a la horca. En la mejor tradición de la novela negra, donde el Colt es reemplazado por el arco y las flechas, Güilliam busca desentrañar un misterio muy singular y descubrir a un insólito culpable. Le va la vida en ello y pondrá en juego su sarcasmo y la falta de escrúpulos propia del mercenario que es. Acompañado de María la Gatusa, que no es ni una dama ni una bruja aunque podría ser ambas, Güilliam nos adentra en el turbio ambiente de una ciudad medieval y sus más representativos personajes. Sus pesquisas lo llevan a intimidar a un tahúr, chantajear a un religioso, amenazar a un artesano, desafiar a un caballero armado y enfrentarse a la nobleza. De paso, nos proporciona una visión crítica de la época, a veces sórdida y otras surrealista, pero siempre ocurrente. Este sainete medieval se resuelve con la elegancia de los mejores relatos de misterio y el añadido de dejarnos con una sonrisa en la boca.  7aNovelas negras2tgfbne9226784 7aNovelas históricas2tgfbne9226782 aES-MaACLbR. 154757cDEPOJjN-95369200823hDonativo: Daniel BilbaogDedicatoria autógrafa del autorxEncuadernación rústica con solapas 9234543aBilbao, Daniel,d1960-ednr n0cMONOGRAFIA c193377d193377 00102udc40708LibrosdedicadosaATENEOMbATENEOMcDEPOJd2023-11-13eDONACIONj1l0oN-9536p101206082r2023-11-13 00:00:00yMONOGRAFIAzDedicatoria autógrafa del autor